00198nam a2200073Ia 4500020001900000100002200019245004200041008004100083 a9781775842040" aROBERTS MARGARET  0aTEA: 60 TEAS TO REVITALIZE & RESTORE 210805s9999 xx 000 0 und d